Gingtute siamtansakna, siangthousakna leh thupina khuhsakna: (Record no. 8970)

MARC details
000 -LEADER
fixed length control field 00451nam a22001457a 4500
003 - CONTROL NUMBER IDENTIFIER
control field GBCCL
005 - DATE AND TIME OF LATEST TRANSACTION
control field 20241126110702.0
008 - FIXED-LENGTH DATA ELEMENTS--GENERAL INFORMATION
fixed length control field 220209b ||||| |||| 00| 0 eng d
040 ## - CATALOGING SOURCE
Transcribing agency gbc
082 ## - DEWEY DECIMAL CLASSIFICATION NUMBER
Classification number VER 234.7
Item number GIN
245 ## - TITLE STATEMENT
Title Gingtute siamtansakna, siangthousakna leh thupina khuhsakna:
Remainder of title The believers justification, sanctification and glorification
260 ## - PUBLICATION, DISTRIBUTION, ETC.
Place of publication, distribution, etc. Lamka:
Name of publisher, distributor, etc. Standing committe, EBC,
Date of publication, distribution, etc. 1979
300 ## - PHYSICAL DESCRIPTION
Extent 31p. ;
942 ## - ADDED ENTRY ELEMENTS (KOHA)
Source of classification or shelving scheme Dewey Decimal Classification
Koha item type Books
Koha issues (borrowed), all copies 1
Holdings
Withdrawn status Lost status Source of classification or shelving scheme Damaged status Not for loan Home library Current Library Shelving location Date acquired Total checkouts Full call number Barcode Date last seen Date last checked out Copy number Price effective from Koha item type
    Dewey Decimal Classification     GRACE BIBLE COLLEGE GRACE BIBLE COLLEGE Vernacular 2022-02-09 1 VER 234.7 GIN 005230 2025-05-01 2024-05-31 c.1 2022-02-09 Books
© Grace Bible College Library 2025